Crímenes imperceptibles /

Pocos días después de haber llegado a Oxford, un joven estudiante argentino encuentra el cadáver de una anciana que ha sido asfixiada con un almohadón. El asesinato resulta ser un desafío intelectual lanzado a uno de los lógicos más eminentes del sigo XX, Arthur Seldom, y el primero de una serie de...

Descripción completa

Guardado en:
Autor Principal: Martínez, Guillermo
Formato: Libro
Publicado: Buenos Aires : Planeta Lector, 2018.
Materias:
Etiquetas: Agregar Etiqueta
Sin Etiquetas, Sea el primero en etiquetar este registro!
LEADER 01045nam a22002415a 4500
001 CEM.cems020258
008 230712s2018##################000#0#####d
005 20240216083044.0
245 1 0 |a Crímenes imperceptibles /  |c Guillermo Martínez 
260 |a Buenos Aires :  |b Planeta Lector,  |c 2018. 
300 |a 232 p. 
520 |a Pocos días después de haber llegado a Oxford, un joven estudiante argentino encuentra el cadáver de una anciana que ha sido asfixiada con un almohadón. El asesinato resulta ser un desafío intelectual lanzado a uno de los lógicos más eminentes del sigo XX, Arthur Seldom, y el primero de una serie de crímenes. 
020 |a 9789877670257 
100 1 |a Martínez, Guillermo 
082 0 4 |a A863.4 
653 |a Literatura 
653 |a Literatura argentina 
653 |a Narrativa argentina 
653 |a Novelas 
653 |a Novela argentina 
653 |a Autor bahiense 
859 |a CEMS  |b BIB. CEMS - 11 de abril  |h A863.4  |i M366-3  |p 29546.23  |t Ej.1 
859 |a CEMS  |b BIB. CEMS - 11 de abril  |h A863.4  |i M366-3  |p 29871.24  |t Ej.2